Регионална библиотека "Любен Каравелов" - Русе

Великите битки и борби на българите през Средновековието (Запис номер 65964)

MARC детайли
000 -Лидер
Контролно поле с фиксирана дължина 01879nam a2200409 a 4500
003 - Код на организацията, давaща контролен номер
Контролно поле BLK
005 - Дата и час на последна редакция
Контролно поле 20250119004139.0
008 - Елементи от данни с фиксирана дължина
fixed length control field 180408b bul|||||r ||||||| ||bul||
010 ## - Наследен системен номер
LC control number KNG00070249000
020 ## - Международен стандартен номер на книга ISBN
Международен стандартен номер на книга ISBN 954-8615-60-6
040 ## - Източник на каталожния запис
Идентификатор на билиотеката - собственик на записа BLK
041 ## - Код за език
Код за езика на текст/звукозапис или на отделно заглавие Български
Код за езика КДБФ Български
080 ## - УДК
Текстов определител УДК Период на феодализма в българските земи (VII век -I пол. на XVIII век)
УДК код - определител по УДК 94(497.2)"06/17"
УДК - код + определител 94(497.2)"06/17"
080 ## - УДК
Текстов определител УДК Военна история - Военни походи, битки, героични подвизи. Вж и 93/99
УДК код - определител по УДК 355.48
УДК определител (497.2)
УДК - код + определител 355.48(497.2)
100 1# - Редна дума - Автор
Автор Тренев, Александър Иванов
Авторска отговорност първи автор
R(LIN) 292712
139 ## - Редно поле
Редна дума Тренев, Александър Иванов
Авторски знак Трен - Т 82
245 10 - Сведения за заглавието
Заглавие Великите битки и борби на българите през Средновековието
Подзаглавни данни Ил. енциклопедия
Редно поле (дума) Александър Иванов Тренев; ил. Александър Петров Въчков.
257 ## - Страна на издаване
Страна на създаване/издаване България
260 ## - Област на издателските данни
Име на издателя, разпространителя и проч. Световна библ.
Година на издаване 2006
Място на издаване, разпространение и проч. София
300 ## - Физическа характеристика
Страници 76 с.
Илюстрации и др. с цв. ил., к.
Размери/Мащаб 29 см
380 ## - Жанр
Жанр Детска отраслова лит.
500 ## - Общи забележки
Забележка Съдържа и Азбучен показалец / Васил Лаков
650 #4 - Допълнително описание по предмет – тема
Основно описание – тема или топоним Военно дело - България - история
9 (RLIN) 265078
650 #7 - Допълнително описание по предмет – тема
Основно описание – тема или топоним България - история, средни векове
Източник на редна или ключова дума
9 (RLIN) 149610
653 ## - Ключова дума – ненормативна
Ключова дума военна история
653 ## - Ключова дума – ненормативна
Ключова дума Средновековие
653 ## - Ключова дума – ненормативна
Ключова дума България
653 ## - Ключова дума – ненормативна
Ключова дума битки
700 1# - Други автори (авторска отговорност)
Лично име Въчков, Александър Петров
Автороска отговорност (Описва отношението между автора и произведението) ил.
9 (RLIN) 370607
852 ## - Местоположение
Форматна сигнатура Цб ІІ 14198
Фондова буква Хранилище
856 4# - Електронен адрес и достъп
Електронен формат pdf - файл
856 4# - Електронен адрес и достъп
Електронен формат pdf - файл
999 ## - СИСТЕМНИ КОНТРОЛНИ НОМЕРА
Koha biblionumber 65964
Koha biblioitemnumber 65964
942 ## - АРТИКУЛИ
Вид на библиотечния материал Книги
Скрит в OPAC Не
Koha issues (borrowed), all copies 6
Периодичен библиозапис Да
944 ## - СЪЗДАВАНЕ И РЕДАКЦИЯ на ЗАПИСА
Създаване/Редакция Създаване
Дата на регистрацията/редакция 27.12.2006
Служител, извършил регистрацията/редакцията
Статус, дата на статуса CRON CRON
944 ## - СЪЗДАВАНЕ И РЕДАКЦИЯ на ЗАПИСА
Създаване/Редакция Редакция
Дата на регистрацията/редакция 01.10.2008
999 ## - СИСТЕМНИ КОНТРОЛНИ НОМЕРА
Koha biblioitemnumber 65964
Наличности
Код за отписване Код за изгубен артикул Код за повреда Коз за рестрикции Код за отдаване Артикулен № Име на библиотеката - собственик Име на библиотеката, в която се намира в момента Статус (Текущо местоположение) Дата на вписване в системата Местоположение - отдел Цена в лева Инвентарен номер Систематично азбучна сигнатура Баркод Номер на екземпляра Цена в евро Служебна бележка Служебен тип на артикула Източник на класификационната схема
  Не е изгубен Не е повреден без рестрикции заемане за дома 108958 Регионална библиотека "Любен Каравелов" Русе Регионална библиотека "Любен Каравелов" Русе Детски отдел 2006-12-27 Детски отдел 12.00 120000707891 Д 949.72/Т 82 120000707891 1 6.14 Дост: Pk Вид: Ф N: 47554 Дата: 20.12.2006 Дата инв: 25.08.2015 Бележки инв: Д2015 Книги  
  Не е изгубен Не е повреден само за читалня ползва се в читалня 108959 Регионална библиотека "Любен Каравелов" Русе Регионална библиотека "Любен Каравелов" Русе Хранилище 2007-07-04 Хранилище 12.00 120000715281 Цб ІІ 14198 120000715281 2 6.14 Дост: Dp Вид: Д N: 7 Дата: 26.01.2007 Книги Universal Decimal Classification
  Не е изгубен Не е повреден без рестрикции заемане за дома 108960 Регионална библиотека "Любен Каравелов" Русе Регионална библиотека "Любен Каравелов" Русе Детски отдел 2008-09-25 Детски отдел 12.00 120000729451 ДН 949.72/Т 82 120000729451 3 6.14 Дост: Pk Вид: Ф N: 8932 Дата: 24.09.2008 Дата инв: 25.08.2015 Бележки инв: Д2015 Книги  
  Не е изгубен Не е повреден без рестрикции заемане за дома 108961 Регионална библиотека "Любен Каравелов" Русе Регионална библиотека "Любен Каравелов" Русе Детски отдел 2008-09-25 Детски отдел 12.00 120000729452 ДН 949.72/Т 82 120000729452 4 6.14 Дост: Pk Вид: Ф N: 8932 Дата: 24.09.2008 Дата инв: 25.08.2015 Бележки инв: Д2015 Книги  
  Не е изгубен Не е повреден без рестрикции заемане за дома 108962 Регионална библиотека "Любен Каравелов" Русе Регионална библиотека "Любен Каравелов" Русе Детски отдел 2008-09-25 Детски отдел 12.00 120000729453 ДН 949.72/Т 82 120000729453 5 6.14 Дост: Pk Вид: Ф N: 8932 Дата: 24.09.2008 Книги  
Vip Innovations Ltd, Rousse, Bulgaria 2025